Un danger social (Record no. 52293)

MARC details
000 -LEADER
campo de control de longitud fija 00438nam a2200157 i 4500
001 - NÚMERO DE CONTROL
campo de control 52293
003 - IDENTIFICADOR DE NÚMERO DE CONTROL
campo de control ES-MaACL
005 - FECHA Y HORA DE LA ÚLTIMA TRANSACCIÓN
campo de control 20230906162546.0
007 - CAMPO FIJO DE DESCRIPCIÓN FÍSICA--INFORMACIÓN GENERAL
campo de control de longitud fija t|
008 - DATOS DE LONGITUD FIJA--INFORMACIÓN GENERAL
campo de control de longitud fija 030827s1923 fr ||||1| fre d
100 1# - ENTRADA PRINCIPAL--NOMBRE DE PERSONA
Nombre de persona Chauvois, L.
9 (RLIN) 38235
245 13 - MENCIÓN DEL TÍTULO
Título Un danger social
Resto del título : la constipation /
Mención de responsabilidad, etc. L. Chauvois.
260 ## - PUBLICACIÓN, DISTRIBUCIÓN, ETC.
Lugar de publicación, distribución, etc. Paris :
Nombre del editor, distribuidor, etc. [s.n.,
Fecha de publicación, distribución, etc. 1923] (
Lugar de fabricación/manufactura Orleans :
Fabricante Imp. Orleanaise)
300 ## - DESCRIPCIÓN FÍSICA
Extensión 124 p. ;
Dimensiones 19 cm.
852 ## - LOCALIZACIÓN
Ubicación ES-MaACL
Número de control de estantería B-11638
Holdings
Estatus retirado Estado de pérdida Estado de daño No para préstamo Biblioteca de origen Biblioteca actual Ubicación en estantería Fecha de adquisición Fuente de adquisición Total de préstamos Signatura topográfica completa Código de barras Visto por última vez Precio de reemplazo Tipo de ítem Koha
        Biblioteca del Ateneo de Madrid Biblioteca del Ateneo de Madrid Sala Pardo Bazán 17/01/2008     B-11638 1054973 23/02/2023 23/02/2023 Libro impreso